Tiszatáj diákmelléklet 1997/42
Elmentve itt :
| Dokumentumtípus: | Folyóirat |
|---|---|
| Megjelent: |
1997
|
| Sorozat: | Tiszatáj
51 No. 42 |
| Online Access: | http://tiszataj.bibl.u-szeged.hu/710 |
| LEADER | 00469nas a2200145 i 4500 | ||
|---|---|---|---|
| 001 | tisza710 | ||
| 005 | 20200415090857.0 | ||
| 008 | 160906s1997 hu o 0|| hun d | ||
| 022 | |a 0133-1167 | ||
| 040 | |a SZTE Tiszatáj Archívum |b hun | ||
| 041 | |a hun | ||
| 245 | 0 | 0 | |a Tiszatáj diákmelléklet 1997/42 |h [elektronikus dokumentum] |
| 260 | |c 1997 | ||
| 490 | 0 | |a Tiszatáj |v 51 No. 42 | |
| 856 | 4 | 0 | |u http://tiszataj.bibl.u-szeged.hu/710/1/tiszataj_diakmelleklet_1997_042.pdf |z Dokumentum-elérés |